| 000 | 00570nam a22001817a 4500 | ||
|---|---|---|---|
| 999 |
_c13897 _d13897 |
||
| 003 | AR-CdUCM | ||
| 008 | 190416b ||||| |||| 00| 0 spa d | ||
| 040 |
_aMUNICIPALIDAD PROVINCIAL DEL CUSCO _cBIBLIOTECA MUNICIPAL DEL CUSCO |
||
| 082 |
_aC / 985.05 / _bN95 |
||
| 100 |
_aNuñez del Prado, Oscar _95531 |
||
| 245 | _aEl khipu moderno / | ||
| 260 |
_aCuzco : _bTradición, _c1950. |
||
| 300 |
_a24 páginas ; _bilustraciones. _c24 cm. |
||
| 505 | _aKhipus modernos -- Nuestros Khipus -- | ||
| 650 |
_akhipu. _924115 |
||
| 942 |
_2ddc _cLIBROS |
||
| 945 |
_awfj _d2019-04-16 |
||